000 00296nam a22001217a 4500
082 _a300
_bREL/Q
100 _aRELIABLE
245 _aQUESTION BANK SOCIAL SCIENCE
_bFOR CLASS IX
260 _aDELHI
_bRELIABLE ENTERPRISES
300 _a208
650 _aSOCIAL SCIENCE FOR CLASS IX
_zINDIA
942 _cBK
999 _c939
_d939